UNIX pro začátečníky

Enregistré dans:
Détails bibliographiques
Auteur principal: Karban, Karel
Autres auteurs: Řešátková, Jana
Format: Livre
Langue:tchèque
Publié: Praha Plus 1992
Édition:1. vyd.
Sujets:
Tags: Ajouter un tag
Pas de tags, Soyez le premier à ajouter un tag!

MARC

LEADER 00000nam a2200000 4500
001 c005017
005 20221214090833.4
020 |a 80-85297-35-3 
041 0 |a cze 
044 |a CZ 
245 1 0 |a UNIX pro začátečníky  |c Karel Karban, Jana Řešátková 
250 |a 1. vyd. 
264 1 |a Praha  |b Plus  |c 1992 
300 |a 117 s.  |e príl. 
610 2 0 |a UNIX 
610 2 0 |a systémy operačné 
100 1 |a Karban, Karel 
700 1 |a Řešátková, Jana